000
00267nam a2200121 4500
008
181126b xxu||||| |||| 00| 0 eng d
041
_a
eng
080
_a
043.3
100
_a
0
101
_a
BTH-ARK
245
_a
Projektimi i Bibliotekës
_c
Iseni,V
942
_2
ddc
_c
BK
999
_c
52500
_d
52500